| 000 | 00000nam##2200000za#4500 |
| 001 | 9.535546 |
| 003 | CaOODSP |
| 005 | 20200327081124 |
| 007 | ta |
| 008 | 150406|2001||||xxc||||| f|0| 0 eng|d |
| 020 | |a0-660-61693-9 |
| 040 | |aCaOODSP|beng |
| 041 | |aeng |
| 041 | |afre |
| 043 | |an-cn--- |
| 086 | 1 |aBT31-4/5-2001 |
| 110 | 1 |aCanada. |bTreasury Board. |
| 245 | 10|aImmigration and Refugee Board |
| 260 | |aOttawa - Ontario : |bTreasury Board of Canada Secretariat |c2001. |
| 300 | |aEnglish text, 26p. : |bgraphs, organization chart, tables ; |c28 cm. |
| 490 | 1 |aPerformance report for the period ending March 31, 2001 |
| 546 | |aBilingual |
| 563 | |aSoftcover |
| 590 | |a01-46|b2001-11-16 |
| 690 | 07|aEstimates|2gcpds |
| 690 | 07|aFederal institutions|2gcpds |
| 690 | 07|aImmigration|2gcpds |
| 690 | 07|aRefugees|2gcpds |
| 776 | 0#|tImmigration and Refugee Board, performance report for the period ending March 31, 2001 |w(CaOODSP)9.569244 |
| 776 | 0#|tCommission de l'immigration et du statut de réfugié, rapport sur le rendement pour la période se terminant le 31 mars 2001 |w(CaOODSP)9.600472 |
| 792 | |tCommission de l'immigration et du statut de réfugié |efre|w(CaOODSP)9.535547 |
| 830 | #0|aPerformance report for the period ending March 31, 2001.|w(CaOODSP)9.508980 |